000 01387nam0a2200325 4500
001 RU\NLR\bibl\1850373
005 20260405235930.0
010 _a978-5-94428-059-6
_9300
021 _aRU
_b2011-96818
_96936
035 _a(NLR Aleph) 001988673
090 _a4193561
_c4193561
100 _a20111219d2009 |||y0rusy50 ca
101 0 _arus
102 _aRU
105 _aa |||||||||
200 1 _aВечер серебрится
_eстихи
_fСергей Князев
_g[худож.: Е. Никитина]
210 _aМосква
_cЛокус Станди
_d2009
215 _a92, [3] с.
_cил.
_d17
225 1 _aПоэзия XXI века
327 1 _aСодерж.: разделы: Время березы (2000-2003); Между двух дорог (2003-2006); Вечер серебрится (2006-2007); На ВЛК: цикл стихотворений
686 _aШ6(2=Р)8-5
700 1 _4070
_8rus
_7ca
_aКнязев
_bС. В.
_cпоэт
_f1981-
_gСергей Владимирович
_3RU\NLR\auth\77109517
_992442
702 1 _4040
_8rus
_7ca
_aНикитина
_bЕ. Н.
_cхудожник
_gЕлена Н.
_3RU\NLR\auth\77102596
_985522
801 0 _aRU
_bNLR
_c20111219
_gRCR
801 1 _aRU
_bNLR
_c20111219
830 _aпо кн
942 _cBOOK
980 _aNB